00389 a2200109 450000500170000008200160001710000130003324501080004626000690015430000410022370000150026420250716163446.0 a346.676 BAK aBAKAR, B aInheritance Law and Accounting in Tanzania: Probate, Executorship, Administration, Trusteeship and Wakf aDar es salaambNational Board of Accountants and Auditorsc2014. av,267p.: ill.; figures, tablesc30cm a Lyanga J